Ghazali's theory of virtue.

Bibliographic Details
Main Author: Sherif, Mohamed Ahmed
Format: Book
Language:English
Published: Albany : State University of New York Press, 1975.
Edition:[1st ed.].
Series:Studies in Islamic philosophy and science.
Subjects:

MARC

Tag First Indicator Second Indicator Subfields
LEADER 00000pam a2200000 4500
001 in00000377521
005 20151011084410.0
008 730810s1974 nyu b 00110 eng
010 |a  71038000  
020 |z 0873952065. 
020 |a 0873952073 (microfiche) 
035 |a (OCoLC)00698370 
035 |9 ABQ3597AM 
040 |a DLC  |c DLC  |d TXA  |d UtOrBLW 
049 |a TXAM  |c [1537570] 
050 0 0 |a B753.G34  |b S54 
082 0 |a 179/.9 
100 1 |a Sherif, Mohamed Ahmed. 
245 1 0 |a Ghazali's theory of virtue. 
250 |a [1st ed.]. 
264 1 |a Albany :  |b State University of New York Press,  |c 1975. 
300 |a xiii, 205 pages ;  |c 24 cm. 
336 |a text  |b txt  |2 rdacontent 
337 |a unmediated  |b n  |2 rdamedia 
338 |a volume  |b nc  |2 rdacarrier 
490 1 |a Studies in Islamic philosophy and science 
504 |a Bibliography: pages 190-199. 
600 0 0 |a al-Ghazzālī,  |d 1058-1111. 
650 0 |a Virtue. 
830 0 |a Studies in Islamic philosophy and science. 
999 |a MARS 
999 f f |s 6b2f9dfb-eeff-31de-9a26-2058d908a473  |i 5d5be72f-4f66-3b26-a0f7-814049b3d67b  |t 0 
952 f f |p ric  |a Texas A&M University  |b Rellis Campus  |c Joint Library Facility  |d Remote Storage  |t 0  |e B753.G34 S54  |h Library of Congress classification  |i unmediated -- volume  |m A14801596970 
998 f f |a B753.G34 S54  |t 0  |l Remote Storage